000 00471nam a2200181Ia 4500
005 20240531033729.0
008 240331s9999 xx 000 0 und d
020 _a8187218010
082 _bCHO
_a340
100 _aChoudhury, Roy Choudhury
245 0 _aUniform civil code :
_bsocial change and gender justice
260 _aNew Delhi
_bIndian Social Institute
_c1998
300 _aiv, 91 p .,
650 _aLaws
650 _aGender
650 _aPolitics
942 _cL
999 _c2785
_d2785